| 000 | 00457nam a2200181Ia 4500 | ||
|---|---|---|---|
| 008 | 240925s9999 xx 000 0 und d | ||
| 020 | _a9788120339453 | ||
| 082 | _a658.8 BOS | ||
| 100 | _aBose, D. Chandra | ||
| 245 | 0 | _aModern marketing: principles and practice | |
| 250 | _aNA | ||
| 260 |
_aNew Delhi: _bPenguin Books _c,2010. |
||
| 300 |
_a400p. _b0 _fNA |
||
| 500 | _aIncludes Index | ||
| 600 | _aManagement | ||
| 650 | _aManagement | ||
| 942 | _cBK | ||
| 999 |
_c17819 _d17819 |
||